000 00596nam a2200193Ia 4500
003 IN-BaIIA
008 211028s9999 xx 000 0 eng d
020 _a520-01410-3
040 _cIIA Library
080 _a524
_bHER
245 0 _aSpectroscopic astrophysics
_ban assessment of the contributions of Otto Struve
_cedited by G. H. Herbig
260 _aBerkeley
_bUniversity of California Press
_c1970
300 _aix, 462p.
650 _aAstronomy and Astrophysics Thesaurus
650 _aAstrophysics
_9794
650 _aOtto Struve
_96409
700 _aHerbig, G. H., ed.
_96410
942 _cBK
999 _c3614
_d3614